LEADER 01959nam1 22003733i 450 001 CAG0748275 005 20170908093256.0 100 $a20170628g18881902||||0itac50 ba 101 | $aita 102 $ait 181 1$6z01$ai $bxxxe 182 1$6z01$an 200 1 $aDizionario di ingegneria civile, meccanica, militare e navale$ecolla sinonimia tecnica inglese, francese, tedesca e spagnola$fdi Byrne e Spon$gtraduzione dall'inglese con importanti aggiunte per Roberto Gill 210 $aMilano$cVallardi$d1888-1902 215 $a7 volumi$d28 cm 300 $aI volumi sono stati pubblicati a fascicoli e dal 2. volume il curatore cambia in Egidio Garuffa 463 1$1001CAG0748303$12000 $a1: A-B$fdi Byrne e Spon$v1 463 1$1001UM10080811$12000 $a2: C$fdi Byrne e Spon$v2 463 1$1001UM10080812$12000 $a3: D-L$fdi Byrne e Spon$v3 463 1$1001UM10080813$12000 $a4: M$fdi Byrne e Spon$v4 463 1$1001UM10080815$12000 $a5: N-Q$fdi Byrne e Spon$v5 463 1$1001UM10080816$12000 $a6: R-S$fdi Byrne e Spon$v6 463 1$1001UM10080817$12000 $a7: T-Z$fdi Byrne e Spon$v7 700 1$aByrne$b, Oliver$3LO1V054915$4070$08731 701 1$aSpon$b, Ernest$3CUBV167644$4070$05901 702 1$aGill$b, Roberto$3LO1V065925 702 1$aGaruffa$b, Egidio$3RAVV071652$4340 801 3$aIT$bIT-NA0079$c20170628 850 $aIT-NA0079 912 $aCAG0748275 950 1$aBiblioteca Nazionale Vittorio Emanuele III$bv. 1-7$cv. 2$d BNV.F. XXXIV* N 8$bv. 1-7$cv. 3$d BNV.F. XXXIV* N 9$bv. 1-7$cv. 1$d BNV.F. XXXIV* N 7$bv. 1-7$cv. 4$d BNV.F. XXXIV* N 10$bv. 1-7$cv. 5$d BNV.F. XXXIV* N 11$bv. 1-7$cv. 6$d BNV.F. XXXIV* N 12$bv. 1-7$cv. 7$d BNV.F. XXXIV* N 13 977 $a BN 996 $aDizionario di ingegneria civile, meccanica, militare e navale$91484206 997 $aUNISANNIO LEADER 00950nam0-22003131i-450- 001 990001024660403321 010 $a0-631-11550-1 035 $a000102466 035 $aFED01000102466 035 $a(Aleph)000102466FED01 035 $a000102466 100 $a--------d--------km-y0itay50------ba 101 0 $aeng 200 1 $a<>Introduction to Modal Logic$ethe "Lemmon Notes"$fby E.J. Lemmon$gin collaboration with Dana Scott$gedited by Krister Segerberg 210 $aOxford$cBlackwell$d1977 225 1 $aAmerican philosophical quarterly$iMonograph series$v11 610 0 $aLogica 610 0 $aRicorsività 676 $a160 700 1$aLemmon,$bEdward John$0159613 702 1$aScott,$bDana S. 702 1$aSegerberg,$bKrister 801 0$aIT$bUNINA$gRICA$2UNIMARC 901 $aBK 912 $a990001024660403321 952 $a7-201$b10666$fFI1 959 $aFI1 996 $aIntroduction to Modal Logic$9339522 997 $aUNINA LEADER 03066oam 2200613 c 450 001 9910413350403321 005 20260302090207.0 010 $a3-8309-8403-0 024 3 $a9783830984030 035 $a(CKB)4330000000531605 035 $a(Waxmann)9783830984030 035 $a(EXLCZ)994330000000531605 100 $a20260302d2016 uy 0 101 0 $ager 135 $aurnnunnnannuu 181 $ctxt$2rdacontent 182 $cc$2rdamedia 183 $acr$2rdacarrier 200 10$aMuseum & Gender $eEin Leitfaden /$fSmilla Ebeling 205 $a1st, New ed. 210 $aMünster$cWaxmann$d2016 215 $a1 online resource (56 p.) 225 0 $aNeue Heimatmuseen$v2 311 08$a3-8309-3403-3 330 $aMuseen stehen im Spannungsfeld der sie umgebenden Gesellschaft. Aktuelle Veränderungen und Umbrüche sowie daraus resultierende gesellschaftliche wie kulturpolitische Erwartungen stellen heute an alle Kulturschaffenden die Anforderung, ihre Arbeit inklusiv auszurichten. Dazu gehört die Berücksichtigung von Genderthemen. Gefragt ist das offene Museum. Dieser Leitfaden bietet konkrete Anregungen zur musealen Auseinandersetzung mit dem Thema Gender im Museum. Er möchte dazu ermutigen, die Kategorien Weiblichkeit und Männlichkeit neu zu beleuchten und den Blick für Heterogenitäten zu schärfen. Die Handreichung informiert über das aktuelle Geschlechterwissen, bezieht es auf Museen, und verdeutlicht, wie die Kategorie Gender auf allen Ebenen der Institution Museum eine Rolle spielt. Bezogen auf Ausstellungen wirft der Leitfaden neue Fragen auf: Welches Geschlechterwissen stellt unser Museum aus? Welches Geschlechterwissen wollen wir ausstellen? Der Leitfaden macht keine Vorgaben, sondern gibt Hilfestellung bei der Analyse von Genderthemen in Museen. Ziel ist es, Museumsakteur_innen für Geschlechterthematiken zu sensibilisieren und ein Bewusstsein dafür zu schaffen, dass Museen ? gewollt oder ungewollt ? immer auch Geschlechterwissen herstellen, um auf dieser Grundlage eine praktische Hilfestellung für die Museumsarbeit zu bieten. 606 $aKulturwissenschaft 606 $aGenderforschung 606 $aGeschlechterwissen 606 $aHeterogenität 606 $aMuseen 606 $aHeimatmuseum 606 $aGeschlechtergerechtigkeit 606 $aGeschlechtertheorie 606 $aAusstellung 606 $aSachkulturforschung und Museum 606 $aFrauen- und Geschlechterforschung 615 4$aKulturwissenschaft 615 4$aGenderforschung 615 4$aGeschlechterwissen 615 4$aHeterogenität 615 4$aMuseen 615 4$aHeimatmuseum 615 4$aGeschlechtergerechtigkeit 615 4$aGeschlechtertheorie 615 4$aAusstellung 615 4$aSachkulturforschung und Museum 615 4$aFrauen- und Geschlechterforschung 700 $aEbeling$b Smilla$4aut$01204711 801 0$bWaxmann 801 1$bWaxmann 906 $aBOOK 912 $a9910413350403321 996 $aMuseum & Gender$92780382 997 $aUNINA